00958nam a2200289 i 4500003000900000005001700009008004100026040004300067041001300110082002100123100003500144245006400179264004100243300002300284336002200307337002400329338003300353500003400386546002000420650001700440650004200457650003200499651001000531700003600541700003400577856005700611EG-GICUC20260425153950.0260425s1911 enk||||fr|||| 00| 0 eng d aEG-GiCUCbengcEG-GiCUCdEG-GiCUCerda aenghspa04221a343.62bQU.M1 aQuiros , C. Bernaldo eAuthor. aModern Theories of Criminality /c C. Bernaldo De Quiros . aLondon :bWilliam Heinemann ,c1911. a249 pages ,c24 cm 2rda contentatext 2rda mediaaComputer 2rda carrieraOnline Resource aIncludes Index Pages 243-249. aText in English1 aCriminal law1 aTheories explaining criminal behavior1 acriminal factors in general1 2qrmak1 aAlfonso De Salvio eTranslator.1 aWm. W. Smithers eContributor40uhttps://fll.law.cu.edu.eg/fulltext/bks/B10-10954.pdf